[Event "GER-ch U25-B"]
[Site "Willingen"]
[Date "2019.06.13"]
[Round "7"]
[White "Reyher, Susan"]
[Black "Von Jan, Lena"]
[Result "0-1"]
[WhiteElo "1714"]
[BlackElo "1512"]
[PlyCount "80"]
[EventDate "2019.06.08"]
[EventType "swiss"]
[EventRounds "9"]
[EventCountry "GER"]
[SourceTitle "CBM 191 Extra"]
[Source "ChessBase"]
[SourceDate "2019.09.30"]
[SourceVersion "1"]
[SourceVersionDate "2019.09.30"]
[SourceQuality "1"]

1. e4 e5 2. Bc4 Bc5 3. Nf3 Nc6 4. c3 Nf6 5. d3 d6 6. h3 Ne7 7. Nbd2 Ng6 8. Nf1 0-0 9. Ng3 c6 10. Bb3 Bb6 11. 0-0 h6 12. d4 Re8 13. Bc2 Be6 14. Be3 Qc7 15. Qd2 Rad8 16. Nf5 Bxf5 17. exf5 Nf8 18. Bxh6 gxh6 19. Qxh6 N8h7 20. g4 exd4 21. g5 Qe7 22. Kh1 dxc3 23. Rg1 Kh8 24. g6 fxg6 25. fxg6 cxb2 26. Rab1 Rg8 27. Ng5 Rdf8 28. Ne6 Rf7 29. gxf7 Qxf7 30. Ng5 Qd5+ 31. f3 Rxg5 32. Rxg5 Qxg5 33. Qxg5 Nxg5 34. Kg2 Bd4 35. f4 Nge4 36. Rd1 c5 37. h4 Nc3 38. Re1 Nxa2 39. Re7 Nb4 40. Bg6 Nbd5 0-1

[Event "GER-chT U20 Girls"]
[Site "Osnabrueck"]
[Date "2018.12.29"]
[Round "6.3"]
[White "Mylke, Sandy Michelle"]
[Black "Von Jan, Lena"]
[Result "1-0"]
[WhiteElo "1188"]
[BlackElo "1520"]
[PlyCount "63"]
[EventDate "2018.12.27"]
[EventType "team-swiss"]
[EventRounds "7"]
[EventCountry "GER"]
[SourceTitle "CBM 188 Extra"]
[Source "ChessBase"]
[SourceDate "2019.02.26"]
[SourceVersion "1"]
[SourceVersionDate "2019.02.26"]
[SourceQuality "1"]
[WhiteTeam "Leegebruch"]
[BlackTeam "Muldental Wilkau Hasslau"]
[WhiteTeamCountry "GER"]
[BlackTeamCountry "GER"]

1. d4 d5 2. e3 Nf6 3. Bd3 c5 4. c3 Qc7 5. Nf3 g6 6. Nbd2 Bg7 7. Ne5 Nbd7 8. f4 0-0 9. 0-0 Nb6 10. b3 Nfd7 11. Ndf3 f6 12. Ng4 e5 13. fxe5 fxe5 14. Nfxe5 Rxf1+ 15. Qxf1 Nxe5 16. Nxe5 Bxe5 17. dxe5 Qxe5 18. Bd2 Bd7 19. Qe2 Re8 20. Rc1 d4 21. e4 Bc6 22. Bc4+ Nxc4 23. Qxc4+ Kh8 24. Re1 b5 25. Qd3 Kg8 26. a4 bxa4 27. Qc4+ Re6 28. bxa4 Bxe4 29. a5 dxc3 30. Bxc3 Qd5 31. Qb5 Re8 32. Qxe8# 1-0

[Event "GER-chT U20 Girls"]
[Site "Osnabrueck"]
[Date "2018.12.28"]
[Round "4.3"]
[White "Von Jan, Lena"]
[Black "Nwatu, Emily"]
[Result "1-0"]
[WhiteElo "1520"]
[BlackElo "1036"]
[PlyCount "83"]
[EventDate "2018.12.27"]
[EventType "team-swiss"]
[EventRounds "7"]
[EventCountry "GER"]
[SourceTitle "CBM 188 Extra"]
[Source "ChessBase"]
[SourceDate "2019.02.26"]
[SourceVersion "1"]
[SourceVersionDate "2019.02.26"]
[SourceQuality "1"]
[WhiteTeam "Muldental Wilkau Hasslau"]
[BlackTeam "Trier SG"]
[WhiteTeamCountry "GER"]
[BlackTeamCountry "GER"]

1. e4 e6 2. d4 d5 3. exd5 exd5 4. Bd3 Bd6 5. Ne2 Ne7 6. Bf4 Bxf4 7. Nxf4 c6 8. c3 Qc7 9. Qd2 Bf5 10. 0-0 Bxd3 11. Nxd3 Nd7 12. Re1 Qd6 13. Qe3 Nf8 14. Nd2 Nfg6 15. Nf3 0-0-0 16. Nfe5 Nf5 17. Nxf7 Nxe3 18. Nxd6+ Rxd6 19. Rxe3 Rf8 20. Rae1 Rdd8 21. Nc5 Kc7 22. Ne6+ Kb6 23. Nxd8 Rxd8 24. Rf3 a5 25. Rf7 Ra8 26. Rxg7 Nf8 27. h3 a4 28. Ree7 Ra7 29. Ref7 a3 30. bxa3 Ng6 31. Rxh7 Rxa3 32. Rxb7+ Ka5 33. Ra7+ Kb5 34. Rxa3 Kc4 35. Rh6 Nf4 36. Rxc6+ Kd3 37. c4+ Ke4 38. cxd5 Nxd5 39. Re3+ Kxd4 40. Rd6 Kc5 41. Rxd5+ Kxd5 42. h4 1-0

[Event "GER-ch U25-B"]
[Site "Willingen"]
[Date "2018.05.26"]
[Round "9"]
[White "Von Jan, Lena"]
[Black "Peglau, Sarah"]
[Result "1-0"]
[WhiteElo "1617"]
[BlackElo "1558"]
[PlyCount "103"]
[EventDate "2018.05.19"]
[EventType "swiss"]
[EventRounds "9"]
[EventCountry "GER"]
[SourceTitle "CBM 184 Extra"]
[Source "ChessBase"]
[SourceDate "2018.06.28"]
[SourceVersion "1"]
[SourceVersionDate "2018.06.28"]
[SourceQuality "1"]

1. e4 c6 2. d4 d5 3. exd5 cxd5 4. h3 Bf5 5. c3 e6 6. Nf3 Bd6 7. Bd3 Ne7 8. Bc2 Nbc6 9. Nbd2 0-0 10. Nf1 Qc7 11. Ne3 Bxc2 12. Qxc2 b5 13. 0-0 b4 14. Bd2 bxc3 15. Bxc3 Rfc8 16. Rac1 Rab8 17. Rfd1 Na5 18. Qd2 Nc4 19. Nxc4 Qxc4 20. b3 Qb5 21. Bb2 a5 22. Ba1 a4 23. bxa4 Qxa4 24. Rf1 Nc6 25. Bc3 Nb4 26. Bxb4 Bxb4 27. Qb2 Bc3 28. Rxc3 Rd8 29. Qc2 Qa5 30. Ne5 Qb6 31. Nc6 h6 32. Nxd8 Qxd8 33. Rc1 Qd6 34. Rc8+ Rxc8 35. Qxc8+ Kh7 36. Qc2+ g6 37. Qc7 Qf8 38. a4 Kg7 39. a5 Qa3 40. Qc5 Qa4 41. Qb6 Qa3 42. Rb1 Kf6 43. a6 Qa4 44. a7 Kf5 45. Qb7 f6 46. a8Q Qxd4 47. Qb6 Qd3 48. Qc8 Qe4 49. Rc1 d4 50. Qb5+ Kf4 51. g3+ Kf3 52. Qbc6 1-0

[Event "GER-chT U20 Girls"]
[Site "Borken"]
[Date "2016.12.27"]
[Round "1.4"]
[White "Peglau, Dora"]
[Black "Von Jan, Lena"]
[Result "0-1"]
[WhiteElo "1126"]
[BlackElo "1578"]
[PlyCount "130"]
[EventDate "2016.12.27"]
[EventType "team-swiss"]
[EventRounds "7"]
[EventCountry "GER"]
[SourceTitle "EXT 2018"]
[Source "ChessBase"]
[SourceDate "2017.10.13"]
[SourceVersion "1"]
[SourceVersionDate "2017.10.13"]
[SourceQuality "1"]
[WhiteTeam "Bannewitz"]
[BlackTeam "Muldental Wilkau Hasslau"]
[WhiteTeamCountry "GER"]
[BlackTeamCountry "GER"]

1. e4 e5 2. Nf3 Nc6 3. Bc4 Bc5 4. c3 d6 5. d3 Nf6 6. Be3 Bb6 7. Nbd2 Ne7 8. 0-0 Ng6 9. Qb3 0-0 10. Ng5 Qd7 11. Nxf7 Rxf7 12. Nf3 h6 13. Bxf7+ Qxf7 14. Qxf7+ Kxf7 15. a4 Ng4 16. Rae1 Nxe3 17. fxe3 Kg8 18. a5 Bxa5 19. d4 Bd7 20. b4 Bb6 21. c4 c6 22. h4 Re8 23. h5 Nh8 24. Rf2 Bg4 25. c5 Bc7 26. cxd6 Bxd6 27. Nxe5 Bxe5 28. dxe5 Rxe5 29. Ra1 a6 30. Raf1 Rxe4 31. Rf8+ Kh7 32. Rd8 Bxh5 33. Rff8 Nf7 34. Rd4 Rxd4 35. exd4 Kg6 36. Kf2 Bg4 37. Kg3 Be6 38. Kf4 Bd5 39. g3 Nd6 40. Rd8 Nf5 41. g4 Nxd4 42. Rd6+ Kh7 43. Rd7 b5 44. Ra7 Nc2 45. Rxa6 Nxb4 46. Ra1 Nd3+ 47. Ke3 Ne5 48. Kf4 Ng6+ 49. Kf5 b4 50. Rb1 b3 51. g5 hxg5 52. Kxg5 Kg8 53. Ra1 Kh7 54. Rb1 c5 55. Rb2 Ne7 56. Re2 c4 57. Rxe7 b2 58. Re1 Be4 59. Kf4 b1Q 60. Rxb1 Bxb1 61. Ke3 c3 62. Ke2 c2 63. Kd2 g5 64. Kc1 g4 65. Kd2 g3 0-1

[Event "GER-ch U25-B"]
[Site "Willingen"]
[Date "2016.05.18"]
[Round "6"]
[White "Von Jan, Lena"]
[Black "Fromm, Marius"]
[Result "0-1"]
[WhiteElo "1522"]
[BlackElo "1461"]
[PlyCount "96"]
[EventDate "2016.05.15"]
[EventType "swiss"]
[EventRounds "9"]
[EventCountry "GER"]
[SourceTitle "CBM 172 Extra"]
[Source "ChessBase"]
[SourceDate "2016.06.21"]
[SourceVersion "1"]
[SourceVersionDate "2016.06.21"]
[SourceQuality "1"]

1. e4 c5 2. Nf3 d6 3. Bb5+ Bd7 4. Bxd7+ Nxd7 5. 0-0 g6 6. c3 Bg7 7. d4 Qc7 8. Nbd2 Ngf6 9. Re1 0-0 10. Nb3 c4 11. Nbd2 b5 12. Nf1 Nb6 13. Ng3 Nfd7 14. Be3 a5 15. Qd2 Na4 16. Rab1 Rab8 17. Rec1 Rfc8 18. Qe1 e5 19. Qd1 Qc6 20. dxe5 dxe5 21. Qe2 Ndc5 22. Bxc5 Nxc5 23. Ne1 Rd8 24. Rd1 Rd7 25. Rxd7 Qxd7 26. Rd1 Qe7 27. Qd2 Bf6 28. Qe3 Qc7 29. h3 Be7 30. Rd5 Rd8 31. Qd2 Rd6 32. f3 Qd7 33. Rxd6 Qxd6 34. Qe2 Na4 35. Nf1 Bg5 36. Kh1 Kg7 37. Kg1 Bc1 38. b3 Nxc3 39. Qc2 Qd4+ 40. Kh1 Bg5 41. Kh2 cxb3 42. axb3 a4 43. bxa4 bxa4 44. Nd3 a3 45. Ne1 a2 46. Qb2 Bc1 47. Qxc1 Ne2 48. Qc7 Qg1# 0-1

[Event "GER-ch U25-B"]
[Site "Willingen"]
[Date "2016.05.17"]
[Round "5"]
[White "Grone, Lion"]
[Black "Von Jan, Lena"]
[Result "0-1"]
[WhiteElo "1392"]
[BlackElo "1522"]
[PlyCount "54"]
[EventDate "2016.05.15"]
[EventType "swiss"]
[EventRounds "9"]
[EventCountry "GER"]
[SourceTitle "CBM 172 Extra"]
[Source "ChessBase"]
[SourceDate "2016.06.21"]
[SourceVersion "1"]
[SourceVersionDate "2016.06.21"]
[SourceQuality "1"]

1. e4 e5 2. Nf3 Nc6 3. Bb5 a6 4. Bxc6 dxc6 5. d4 exd4 6. Qxd4 Qxd4 7. Nxd4 Nf6 8. f3 Bc5 9. Be3 Bb6 10. 0-0 0-0 11. Nd2 Rd8 12. N2b3 Be6 13. Bf2 Bc4 14. Rfd1 Rd7 15. Rd2 Rad8 16. Rad1 c5 17. Nf5 Rxd2 18. Rxd2 Rxd2 19. Nxd2 Bxa2 20. b3 Ba5 21. Nc4 Bb4 22. Kf1 a5 23. Be1 a4 24. Bxb4 cxb4 25. Nd2 a3 26. Ne3 Bb1 27. c4 a2 0-1

[Event "GER-ch U25 op-B"]
[Site "Willingen"]
[Date "2015.05.25"]
[Round "3"]
[White "Von Jan, Lena"]
[Black "Bardorz, Stefan"]
[Result "1-0"]
[WhiteElo "1467"]
[BlackElo "1241"]
[PlyCount "53"]
[EventDate "2015.05.24"]
[EventType "swiss"]
[EventRounds "9"]
[EventCountry "GER"]
[SourceTitle "CBM 166 Extra"]
[Source "ChessBase"]
[SourceDate "2015.06.18"]
[SourceVersion "1"]
[SourceVersionDate "2015.06.18"]
[SourceQuality "1"]

1. e4 e5 2. Nf3 Nc6 3. Bb5 a6 4. Ba4 Nf6 5. d3 b5 6. Bb3 Bb7 7. c3 Be7 8. Nbd2 d6 9. Nf1 0-0 10. Ng3 d5 11. 0-0 dxe4 12. dxe4 Bd6 13. Bc2 Qe7 14. Nf5 Qd7 15. Qd2 Rad8 16. Qg5 Ne8 17. Qg3 Qe6 18. Bg5 Be7 19. Bb3 Qd7 20. Rfd1 Nd6 21. Nxe7+ Nxe7 22. Nxe5 Qe8 23. Bf6 g6 24. f3 Rb8 25. Kh1 Nc6 26. Nxg6 Nf5 27. Ne7# 1-0

[Event "GER-chT U14 Girls"]
[Site "Regensburg"]
[Date "2014.12.27"]
[Round "2.4"]
[White "Schneider, Katharina"]
[Black "Von Jan, Lena"]
[Result "0-1"]
[WhiteElo "1153"]
[BlackElo "1428"]
[PlyCount "62"]
[EventDate "2014.12.27"]
[EventType "team-swiss"]
[EventRounds "7"]
[EventCountry "GER"]
[SourceTitle "EXT 2016"]
[Source "ChessBase"]
[SourceDate "2015.10.08"]
[SourceVersion "1"]
[SourceVersionDate "2015.10.08"]
[SourceQuality "1"]
[WhiteTeam "Sasbach"]
[BlackTeam "Wilkau Hasslau Muldental"]
[WhiteTeamCountry "GER"]
[BlackTeamCountry "GER"]

1. e4 e5 2. Nf3 Nc6 3. d4 exd4 4. Bc4 Nf6 5. e5 Ng4 6. Bxf7+ Kxf7 7. Ng5+ Ke8 8. Qxg4 d6 9. Qe4 dxe5 10. 0-0 g6 11. Bf4 Bf5 12. Qe2 Bd6 13. Nf3 Qe7 14. Bg5 Qe6 15. c3 dxc3 16. Nxc3 h6 17. Bd2 Kd7 18. Nb5 Rad8 19. Rfd1 Kc8 20. Be3 a6 21. Nxd6+ Rxd6 22. Rxd6 Qxd6 23. Rd1 Qe6 24. a4 g5 25. h3 g4 26. hxg4 Bxg4 27. Kf1 e4 28. Qd2 exf3 29. gxf3 Bxf3 30. Rc1 Qh3+ 31. Ke1 Qh1# 0-1

[Event "GER-chT Lands U20"]
[Site "Hannover"]
[Date "2014.10.07"]
[Round "7.8"]
[White "Von Jan, Lena"]
[Black "Wolterink, Jule"]
[Result "1-0"]
[WhiteElo "1356"]
[BlackElo "1003"]
[PlyCount "73"]
[EventDate "2014.10.03"]
[EventType "team-swiss"]
[EventRounds "7"]
[EventCountry "GER"]
[SourceTitle "CBM 162 Extra"]
[Source "ChessBase"]
[SourceDate "2014.10.17"]
[SourceVersion "1"]
[SourceVersionDate "2014.10.17"]
[SourceQuality "1"]
[WhiteTeam "Sachsen"]
[BlackTeam "Team Nord"]
[WhiteTeamCountry "GER"]
[BlackTeamCountry "GER"]

1. e4 e6 2. d4 d5 3. Nc3 Nf6 4. e5 Nfd7 5. Nce2 c5 6. c3 Nc6 7. f4 Qb6 8. Nf3 Be7 9. a3 c4 10. Qc2 f6 11. Ng3 Ndb8 12. Be3 Bd7 13. Bf2 Na6 14. Be2 Na5 15. Rb1 Nb3 16. 0-0 0-0-0 17. Nd2 Ba4 18. Nxb3 Qxb3 19. Qxb3 Bxb3 20. Rfe1 Kb8 21. exf6 Bxf6 22. Bg4 Rhf8 23. Bxe6 Ka8 24. Be3 Bh4 25. Bg4 Rde8 26. Bd2 Rd8 27. Bd1 Bxd1 28. Rbxd1 Nc7 29. Bc1 Rde8 30. Rxe8+ Rxe8 31. Nf5 g6 32. Nxh4 Ne6 33. Re1 a5 34. f5 Ng7 35. Rxe8+ Nxe8 36. fxg6 hxg6 37. Nxg6 1-0

[Event "GER-chT Lands U20"]
[Site "Hannover"]
[Date "2014.10.06"]
[Round "6.8"]
[White "Schoenweiler, Elisabeth"]
[Black "Von Jan, Lena"]
[Result "1/2-1/2"]
[WhiteElo "1249"]
[BlackElo "1356"]
[PlyCount "145"]
[EventDate "2014.10.03"]
[EventType "team-swiss"]
[EventRounds "7"]
[EventCountry "GER"]
[SourceTitle "CBM 162 Extra"]
[Source "ChessBase"]
[SourceDate "2014.10.17"]
[SourceVersion "1"]
[SourceVersionDate "2014.10.17"]
[SourceQuality "1"]
[WhiteTeam "Schleswig Holstein"]
[BlackTeam "Sachsen"]
[WhiteTeamCountry "GER"]
[BlackTeamCountry "GER"]

1. e4 e5 2. Bc4 Nf6 3. d3 Bc5 4. Nf3 Nc6 5. Bg5 d6 6. h3 Be6 7. Bb3 Bb6 8. Nbd2 Qe7 9. c3 Bxb3 10. Qxb3 0-0 11. Nc4 Qe6 12. Nxb6 Qxb3 13. axb3 axb6 14. Rxa8 Rxa8 15. 0-0 Nd7 16. Rb1 Nc5 17. Ne1 Nxb3 18. f3 Nc5 19. Kf2 f6 20. Be3 Ne6 21. g3 Kf7 22. Ke2 Kg6 23. h4 Kf7 24. Ng2 g5 25. Kf2 Kg6 26. Ke2 Rg8 27. Kf2 Kf7 28. g4 Ke7 29. Ra1 Kf7 30. h5 h6 31. Ke2 Nf4+ 32. Bxf4 exf4 33. Ne1 Re8 34. Kd2 Ne7 35. Ra7 Rb8 36. d4 d5 37. exd5 Nxd5 38. Nc2 Ne7 39. Ke2 f5 40. Kf2 fxg4 41. fxg4 Nc6 42. Ra1 Re8 43. Re1 Rd8 44. Kf3 Na5 45. Kf2 Nc4 46. b4 Nd6 47. Rd1 Nb5 48. c4 Nc3 49. Rd3 Ne4+ 50. Kf3 Ng3 51. Ra3 Kf6 52. Ra7 Rb8 53. Na3 Re8 54. Nc2 Re2 55. Ra2 Rd2 56. b5 Nf1 57. d5 Nh2+ 58. Ke4 Nxg4 59. Nb4 Rxa2 60. Nxa2 Nh2 61. Nc3 f3 62. Nd1 g4 63. Kf4 Ke7 64. Kg3 Nf1+ 65. Kxg4 Nd2 66. Nf2 Nxc4 67. Kxf3 Nd6 68. Ng4 Nf7 69. Ke4 Kd6 70. Kf5 c5 71. dxc6 bxc6 72. bxc6 Kxc6 73. Kg6 1/2-1/2

[Event "GER-chT Lands U20"]
[Site "Hannover"]
[Date "2014.10.05"]
[Round "4.8"]
[White "Von Jan, Lena"]
[Black "Schnabel, Luise"]
[Result "0-1"]
[WhiteElo "1356"]
[BlackElo "1369"]
[PlyCount "84"]
[EventDate "2014.10.03"]
[EventType "team-swiss"]
[EventRounds "7"]
[EventCountry "GER"]
[SourceTitle "CBM 162 Extra"]
[Source "ChessBase"]
[SourceDate "2014.10.17"]
[SourceVersion "1"]
[SourceVersionDate "2014.10.17"]
[SourceQuality "1"]
[WhiteTeam "Sachsen"]
[BlackTeam "Berlin"]
[WhiteTeamCountry "GER"]
[BlackTeamCountry "GER"]

1. e4 d6 2. d4 Nf6 3. Bd3 g6 4. h3 Bg7 5. Nf3 0-0 6. Nbd2 c5 7. c3 cxd4 8. Nxd4 Nc6 9. N2f3 e5 10. Ne2 d5 11. exd5 Nxd5 12. Ng3 Re8 13. Be4 Be6 14. 0-0 f5 15. Bc2 h6 16. Bb3 Bf7 17. Qc2 Qc7 18. Rd1 Rad8 19. Ba4 a6 20. Re1 b5 21. Bb3 a5 22. Qe2 b4 23. cxb4 Ndxb4 24. Bxf7+ Qxf7 25. a3 Nd3 26. Rd1 e4 27. Nh2 Nd4 28. Qd2 Nb3 29. Qe2 Nxa1 30. Bxh6 Bxh6 31. Rxa1 Qb3 32. Rb1 Rc8 33. Nhf1 Rc2 34. Qd1 Rec8 35. Ne2 Qb6 36. Kh2 Qxf2 37. Nfg3 f4 38. Nxe4 Qxe2 39. Qxe2 Rxe2 40. Nf6+ Kg7 41. Ng4 Rc1 42. Rxc1 Nxc1 0-1

[Event "Magdeburg op-B"]
[Site "Magdeburg"]
[Date "2014.06.13"]
[Round "8"]
[White "Wu, Erik"]
[Black "Von Jan, Lena"]
[Result "0-1"]
[WhiteElo "1187"]
[BlackElo "1322"]
[PlyCount "96"]
[EventDate "2014.06.08"]
[EventType "swiss"]
[EventRounds "9"]
[EventCountry "GER"]
[SourceTitle "CBM 160 Extra"]
[Source "ChessBase"]
[SourceDate "2014.07.01"]
[SourceVersion "1"]
[SourceVersionDate "2014.07.01"]
[SourceQuality "1"]

1. e4 e5 2. Nf3 Nc6 3. Bc4 Nf6 4. d3 Bc5 5. c3 d6 6. Bb3 Bb6 7. h3 0-0 8. 0-0 Ne7 9. Re1 Ng6 10. Nbd2 c6 11. d4 h6 12. Nf1 Re8 13. Ng3 Bc7 14. Bc2 d5 15. Be3 Be6 16. Qd2 Qd7 17. Kh2 dxe4 18. dxe5 Nxe5 19. Nxe5 Bxe5 20. Bf4 Qxd2 21. Bxd2 Bd5 22. b3 c5 23. Re3 Bc6 24. Rae1 Bf4 25. R3e2 Bc7 26. c4 Re6 27. Re3 Rae8 28. Kg1 Bf4 29. R3e2 Bc7 30. Bc3 Bxg3 31. fxg3 Nd7 32. Kf2 e3+ 33. Kg1 b6 34. Bb2 b5 35. Bc1 Ne5 36. cxb5 Bxb5 37. Rxe3 a6 38. Bf5 R6e7 39. Bb2 Nf3+ 40. gxf3 Rxe3 41. Rxe3 Rxe3 42. Be4 Re1+ 43. Kf2 Re2+ 44. Kg1 Rxb2 45. a4 Bd7 46. Bb7 Bxa4 47. Bxa6 Bxb3 48. Kf1 c4 0-1

[Event "Magdeburg op-B"]
[Site "Magdeburg"]
[Date "2014.06.08"]
[Round "2"]
[White "Silber, Kevin"]
[Black "Von Jan, Lena"]
[Result "1-0"]
[WhiteElo "1522"]
[BlackElo "1322"]
[PlyCount "119"]
[EventDate "2014.06.08"]
[EventType "swiss"]
[EventRounds "9"]
[EventCountry "GER"]
[SourceTitle "CBM 160 Extra"]
[Source "ChessBase"]
[SourceDate "2014.07.01"]
[SourceVersion "1"]
[SourceVersionDate "2014.07.01"]
[SourceQuality "1"]

1. e4 e5 2. Bc4 Nf6 3. Nf3 Nc6 4. Ng5 d5 5. exd5 Na5 6. Bb5+ c6 7. dxc6 bxc6 8. Qf3 Bd7 9. Bd3 h6 10. Ne4 Nd5 11. Nbc3 Nb7 12. 0-0 Nd6 13. Nxd6+ Bxd6 14. Nxd5 cxd5 15. Qxd5 Be6 16. Bb5+ Ke7 17. Qe4 Qc7 18. Qc6 Qd8 19. Qb7+ Kf6 20. a4 Qc7 21. Qxc7 Bxc7 22. b3 Rac8 23. Ba6 Rcd8 24. d3 Rd6 25. Bc4 Ba5 26. f4 Bb6+ 27. Kh1 Rdd8 28. fxe5+ Kxe5 29. Bb2+ Kd6 30. Bxe6 fxe6 31. Bxg7 Rh7 32. Bc3 Rc8 33. Bb4+ Kd5 34. c3 a5 35. Rf8 Rhc7 36. Rxc8 Rxc8 37. c4+ Kd4 38. Bd6 Kxd3 39. c5 Bxc5 40. Rc1 Kd4 41. g4 Kd5 42. Be7 Rc6 43. Bd8 Bb4 44. Rxc6 Kxc6 45. g5 hxg5 46. Bxg5 e5 47. h4 e4 48. h5 Bc3 49. h6 Bd4 50. h7 Bh8 51. Bd2 Kb6 52. Kg2 e3 53. Bxe3+ Kc6 54. Bd2 Kd6 55. Bxa5 Ke6 56. b4 Kf7 57. b5 Kg6 58. Bc7 Kxh7 59. b6 Bd4 60. a5 1-0

[Event "Magdeburg op-B"]
[Site "Magdeburg"]
[Date "2014.06.08"]
[Round "1"]
[White "Von Jan, Lena"]
[Black "Pahl, Erik"]
[Result "1-0"]
[WhiteElo "1322"]
[BlackElo "1028"]
[PlyCount "119"]
[EventDate "2014.06.08"]
[EventType "swiss"]
[EventRounds "9"]
[EventCountry "GER"]
[SourceTitle "CBM 160 Extra"]
[Source "ChessBase"]
[SourceDate "2014.07.01"]
[SourceVersion "1"]
[SourceVersionDate "2014.07.01"]
[SourceQuality "1"]

1. e4 e5 2. Nf3 Nc6 3. Bb5 Nf6 4. d3 d6 5. c3 Be7 6. 0-0 0-0 7. Re1 Bd7 8. Ba4 Nb8 9. Bb3 Bc6 10. Nbd2 b6 11. Nf1 Nbd7 12. Ng3 d5 13. exd5 Nxd5 14. Nxe5 Nxe5 15. Rxe5 f6 16. Re1 Kh8 17. Nf5 Re8 18. d4 Qd7 19. Bc2 Bf8 20. Ne3 Nxe3 21. Bxe3 Qd5 22. f3 Bd6 23. h3 Qh5 24. Qd3 g6 25. Qd2 Qh4 26. Bf2 Qh5 27. Be3 Bg3 28. Bf2 Bd6 29. Be3 Kg7 30. Rab1 Bxf3 31. gxf3 Qxf3 32. Bh6+ Kf7 33. Qg2 Qxg2+ 34. Kxg2 g5 35. Rf1 Re2+ 36. Rf2 Rxf2+ 37. Kxf2 Bf4 38. h4 Re8 39. Bxh7 Rh8 40. hxg5 Rxh7 41. g6+ Kxg6 42. Bxf4 Kf5 43. Bg3 Kg4 44. Rg1 Kf5 45. Kf3 Rh3 46. Ke2 Rh7 47. Rf1+ Kg4 48. Bxc7 Rxc7 49. Rxf6 Re7+ 50. Kd2 Rh7 51. Kc2 Rh2+ 52. Kb3 Rh7 53. Rf1 Re7 54. Rd1 b5 55. d5 Rd7 56. Kb4 Kf5 57. d6 Ke5 58. Kc5 Ke6 59. Kc6 a6 60. Re1+ 1-0

[Event "GER-chT U14 Girls"]
[Site "Magdeburg"]
[Date "2013.12.28"]
[Round "4.4"]
[White "Alcer, Johanna"]
[Black "Von Jan, Lena"]
[Result "0-1"]
[WhiteElo "999"]
[BlackElo "1373"]
[PlyCount "60"]
[EventDate "2013.12.27"]
[EventType "team-swiss"]
[EventRounds "4"]
[EventCountry "GER"]
[SourceTitle "EXT 2015"]
[Source "ChessBase"]
[SourceDate "2014.11.20"]
[SourceVersion "1"]
[SourceVersionDate "2014.11.20"]
[SourceQuality "1"]
[WhiteTeam "Berlin Empor"]
[BlackTeam "Wilkau Hasslau Muldental"]
[WhiteTeamCountry "GER"]
[BlackTeamCountry "GER"]

1. e4 e5 2. Nf3 Nc6 3. Bc4 Nf6 4. d3 Bc5 5. Bg5 d6 6. c3 a6 7. b4 Ba7 8. 0-0 0-0 9. Re1 Be6 10. Bb3 Bg4 11. Nbd2 Be6 12. Nf1 Re8 13. d4 Bxb3 14. axb3 exd4 15. cxd4 Nxb4 16. e5 dxe5 17. dxe5 Qxd1 18. Raxd1 Ng4 19. Rd2 h6 20. Bf4 Bb6 21. Bg3 Nc6 22. h3 Ncxe5 23. Nxe5 Nxe5 24. Bxe5 Ba5 25. Bxc7 Bxc7 26. Rxe8+ Rxe8 27. Rd7 Rc8 28. Ne3 Kf8 29. Nd5 Bb8 30. Rxb7 Rc1# 0-1

[Event "GER-ch U12"]
[Site "Oberhof"]
[Date "2013.05.25"]
[Round "11"]
[White "Von Jan, Lena"]
[Black "Groth, Kevin"]
[Result "0-1"]
[WhiteElo "1285"]
[BlackElo "1399"]
[PlyCount "72"]
[EventDate "2013.05.19"]
[EventType "swiss"]
[EventRounds "11"]
[EventCountry "GER"]
[SourceTitle "CBM 154 Extra"]
[Source "ChessBase"]
[SourceDate "2013.06.25"]
[SourceVersion "2"]
[SourceVersionDate "2013.06.25"]
[SourceQuality "1"]

1. e4 e5 2. Nf3 Nc6 3. Bb5 Bc5 4. d3 d6 5. c3 Bd7 6. Nbd2 Nf6 7. 0-0 a6 8. Ba4 Qe7 9. b4 Ba7 10. Bb3 0-0 11. h3 Rfd8 12. Re1 h6 13. Nf1 Rac8 14. Ng3 b5 15. a3 Nb8 16. d4 exd4 17. cxd4 Re8 18. Bb2 Bc6 19. Bc2 Bb7 20. Bc3 Nbd7 21. Qd2 Qd8 22. d5 c6 23. dxc6 Rxc6 24. e5 dxe5 25. Nxe5 Nxe5 26. Qxd8 Rxd8 27. Bxe5 Rxc2 28. Bxf6 Bxf2+ 29. Kh2 Bxe1 30. Bxd8 Rxg2+ 31. Kh1 Rxg3+ 32. Kh2 Rg2+ 33. Kh1 Ra2+ 34. Kg1 Rxa1 35. Kf1 Bf3 36. Kg1 Bg3# 0-1

[Event "GER-ch U12"]
[Site "Oberhof"]
[Date "2013.05.20"]
[Round "4"]
[White "Simon, Tim"]
[Black "Von Jan, Lena"]
[Result "1-0"]
[WhiteElo "1640"]
[BlackElo "1285"]
[PlyCount "149"]
[EventDate "2013.05.19"]
[EventType "swiss"]
[EventRounds "11"]
[EventCountry "GER"]
[SourceTitle "CBM 154 Extra"]
[Source "ChessBase"]
[SourceDate "2013.06.25"]
[SourceVersion "2"]
[SourceVersionDate "2013.06.25"]
[SourceQuality "1"]

1. e4 e5 2. Nf3 Nc6 3. d4 exd4 4. Nxd4 Bc5 5. Be3 Qf6 6. c3 Nge7 7. g3 d5 8. Bg2 Nxd4 9. cxd4 Bb4+ 10. Nc3 Qe6 11. e5 Qc6 12. Rc1 Be6 13. 0-0 Qd7 14. Qb3 Bxc3 15. Rxc3 b6 16. Rfc1 Rc8 17. Qc2 c6 18. Bg5 Bf5 19. Qd2 Ng6 20. b4 0-0 21. h4 Bg4 22. Bf3 Bxf3 23. Rxf3 Qg4 24. Qe2 h6 25. Bd2 Nxh4 26. Re3 Qxe2 27. Rxe2 Nf3+ 28. Kg2 Nxd4 29. Re3 Rfe8 30. f4 Nf5 31. Ra3 Re7 32. Rd3 Rec7 33. Kf3 Ne7 34. Be3 c5 35. Rdc3 d4 36. Bxd4 Nd5 37. bxc5 Nxc3 38. Rxc3 bxc5 39. Be3 c4 40. Ke4 Rd8 41. Bd4 Re8 42. Kd5 Rd8+ 43. Ke4 Re8 44. Kd5 Rd7+ 45. Ke4 f6 46. Rxc4 fxe5 47. fxe5 Rb7 48. Ra4 Rbe7 49. Ra6 Kh7 50. Kf5 Rf7+ 51. Ke4 Rfe7 52. Kf5 Rf8+ 53. Ke4 Ref7 54. Bc5 Ra8 55. e6 Rc7 56. Kd5 Rd8+ 57. Rd6 Rxd6+ 58. Kxd6 Rc8 59. e7 g5 60. Kd7 Rg8 61. Bxa7 Ra8 62. e8Q Rxe8 63. Kxe8 Kg6 64. a4 h5 65. a5 h4 66. gxh4 gxh4 67. Bb8 h3 68. a6 Kg7 69. a7 Kg6 70. a8Q h2 71. Bxh2 Kh6 72. Qg2 Kh7 73. Kf7 Kh6 74. Bf4+ Kh5 75. Qg5# 1-0

[Event "GER-ch U12"]
[Site "Oberhof"]
[Date "2013.05.20"]
[Round "3"]
[White "Von Jan, Lena"]
[Black "Reitz, Theresa"]
[Result "1-0"]
[WhiteElo "1285"]
[BlackElo "1113"]
[PlyCount "69"]
[EventDate "2013.05.19"]
[EventType "swiss"]
[EventRounds "11"]
[EventCountry "GER"]
[SourceTitle "CBM 154 Extra"]
[Source "ChessBase"]
[SourceDate "2013.06.25"]
[SourceVersion "2"]
[SourceVersionDate "2013.06.25"]
[SourceQuality "1"]

1. e4 e5 2. Nf3 Nc6 3. Bb5 a6 4. Ba4 Nf6 5. d3 b5 6. Bb3 Be7 7. c3 d5 8. Qe2 dxe4 9. dxe4 0-0 10. 0-0 Bd6 11. Bg5 Qe7 12. Rd1 h6 13. Bh4 Na5 14. Bc2 Be6 15. Nbd2 Rfd8 16. a4 Nc4 17. b3 Nxd2 18. Rxd2 Rab8 19. axb5 axb5 20. Ra5 Bd7 21. Bd3 c6 22. Qd1 Be6 23. Ra6 Rbc8 24. Bxb5 Nxe4 25. Bxe7 Nxc3 26. Qc2 Bxe7 27. Rxd8+ Rxd8 28. Qxc3 cxb5 29. h3 Rd1+ 30. Kh2 Rd8 31. Qxe5 Re8 32. Qxb5 Rc8 33. Rc6 Rd8 34. Rb6 Bd6+ 35. g3 1-0